[Event "POL-ch Rapid"]
[Site "Lublin"]
[Date "2024.10.05"]
[Round "4"]
[White "Krasenkow, Michal"]
[Black "Kumala, Aleksander"]
[Result "1-0"]
[WhiteElo "2490"]
[BlackElo "2131"]
[PlyCount "63"]
[EventDate "2024.10.05"]
[EventType "swiss (rapid)"]
[EventRounds "9"]
[EventCountry "POL"]
[SourceTitle "CB45_2024"]
[Source "ChessBase"]
[SourceDate "2024.11.06"]
[SourceVersion "1"]
[SourceVersionDate "2024.11.06"]
[SourceQuality "1"]

1. d4 e6 2. c4 Bb4+ 3. Nd2 Nf6 4. a3 Be7 5. e4 d5 6. e5 Nfd7 7. cxd5 exd5 8. f4 c5 9. Ngf3 Nc6 10. Bd3 Qb6 11. 0-0 c4 12. Bc2 Nxd4 13. Nxd4 Qxd4+ 14. Kh1 Nc5 15. Qe2 c3 16. bxc3 Qxc3 17. Ra2 d4 18. Ne4 Nxe4 19. Bxe4 0-0 20. f5 f6 21. e6 Rd8 22. Bd3 b6 23. Rc2 Qa5 24. Rc7 Bd6 25. e7 Re8 26. Bb5 Ba6 27. Qe6+ Kh8 28. Bxe8 Qe5 29. Qxe5 Bxe5 30. Bc6 Rg8 31. Rd7 Bxf1 32. Rd8 1-0

[Event "Titled Tuesday intern op 24th Sep Early"]
[Site "Chess.com INT"]
[Date "2024.09.24"]
[Round "7"]
[White "Kumala, Aleksander"]
[Black "Ferrufino, Boris"]
[Result "1/2-1/2"]
[WhiteElo "2160"]
[BlackElo "1908"]
[PlyCount "108"]
[EventDate "2024.09.24"]
[EventType "swiss (blitz)"]
[EventRounds "11"]
[EventCountry "USA"]
[SourceTitle "EXT 2025"]
[Source "ChessBase"]
[SourceDate "2024.10.14"]
[SourceVersion "1"]
[SourceVersionDate "2024.10.14"]
[SourceQuality "1"]

1. e4 c5 2. b3 Nc6 3. Bb2 e5 4. f4 d6 5. Nf3 Nf6 6. fxe5 dxe5 7. Nc3 Bg4 8. Bb5 Rc8 9. 0-0 Be7 10. h3 Bxf3 11. Qxf3 0-0 12. Bxc6 Rxc6 13. Nd5 c4 14. Bxe5 cxb3 15. cxb3 Nxd5 16. exd5 Rc5 17. Rae1 Rxd5 18. Bxg7 Bc5+ 19. d4 Kxg7 20. dxc5 Rxc5 21. Re4 Rg5 22. Rf4 Qe7 23. h4 Rg6 24. h5 Rg5 25. Qc3+ f6 26. h6+ Kxh6 27. Rxf6+ Rxf6 28. Rxf6+ Rg6 29. Rf5 Qd6 30. Qf3 Qd4+ 31. Kh2 Qh4+ 32. Kg1 Qe1+ 33. Kh2 Qh4+ 34. Qh3 Qxh3+ 35. Kxh3 Ra6 36. a4 Rb6 37. Rf3 Kg6 38. g4 Rb4 39. Kg3 a5 40. Rd3 b5 41. axb5 Rxb5 42. Kh4 Rb4 43. Rd6+ Kg7 44. Ra6 Rxb3 45. Rxa5 Rb7 46. Kg5 Rc7 47. Rf5 Rb7 48. Kh5 Rc7 49. g5 Rc1 50. Ra5 Rh1+ 51. Kg4 Rg1+ 52. Kh5 Rh1+ 53. Kg4 Rg1+ 54. Kh5 Rh1+ 1/2-1/2

[Event "Titled Tuesday intern op 24th Sep Early"]
[Site "Chess.com INT"]
[Date "2024.09.24"]
[Round "5"]
[White "Yoo, Christopher Woojin"]
[Black "Kumala, Aleksander"]
[Result "1-0"]
[WhiteElo "2603"]
[BlackElo "2160"]
[PlyCount "67"]
[EventDate "2024.09.24"]
[EventType "swiss (blitz)"]
[EventRounds "11"]
[EventCountry "USA"]
[SourceTitle "EXT 2025"]
[Source "ChessBase"]
[SourceDate "2024.10.14"]
[SourceVersion "1"]
[SourceVersionDate "2024.10.14"]
[SourceQuality "1"]

1. c4 e5 2. g3 g6 3. Bg2 Bg7 4. Nc3 Ne7 5. Nf3 0-0 6. 0-0 Nbc6 7. d3 d6 8. Rb1 a5 9. a3 Bg4 10. h3 Be6 11. b4 axb4 12. axb4 Qc8 13. Kh2 h6 14. Bd2 f5 15. b5 Nb8 16. Ne1 Nd7 17. Nc2 g5 18. Nb4 f4 19. Nbd5 Nxd5 20. Nxd5 Qd8 21. b6 cxb6 22. Qb3 g4 23. hxg4 Bxg4 24. Bf3 Bxf3 25. exf3 Qg5 26. Kg2 Nc5 27. Qxb6 Nxd3 28. Qxd6 Nxf2 29. Rxf2 Qxg3+ 30. Kf1 e4 31. Nxf4 exf3 32. Qd5+ Kh8 33. Qxf3 Qh4 34. Ng6+ 1-0

[Event "POL-chT 2nd League"]
[Site "Jastrzebia Gora"]
[Date "2024.09.07"]
[Round "8.9"]
[White "Kumala, Aleksander"]
[Black "Mazurkiewicz, Michal"]
[Result "0-1"]
[WhiteElo "2160"]
[BlackElo "2224"]
[PlyCount "112"]
[EventDate "2024.08.31"]
[EventType "team-swiss"]
[EventRounds "9"]
[EventCountry "POL"]
[SourceTitle "EXT 2025"]
[Source "ChessBase"]
[SourceDate "2024.10.14"]
[SourceVersion "1"]
[SourceVersionDate "2024.10.14"]
[SourceQuality "1"]
[WhiteTeam "Kozuchow Odrodzenie"]
[BlackTeam "Zakrzewo Korona"]
[WhiteTeamCountry "POL"]
[BlackTeamCountry "POL"]

1. d4 d6 2. e4 Nf6 3. Nc3 e5 4. Nf3 Nbd7 5. g4 g6 6. g5 Nh5 7. Be3 Bg7 8. Qd2 0-0 9. 0-0-0 c6 10. dxe5 dxe5 11. Bh3 f5 12. gxf6 Qxf6 13. Bxd7 Qxf3 14. Bxc8 Raxc8 15. Bxa7 Nf6 16. Qd3 Ng4 17. Qxf3 Rxf3 18. Rd7 b5 19. Nd1 Rh3 20. Bc5 Bh6+ 21. Kb1 Rxh2 22. Rxh2 Nxh2 23. b3 Nf3 24. Be3 Bxe3 25. Nxe3 h5 26. Kc1 Rf8 27. a4 bxa4 28. bxa4 Ra8 29. Kd1 Rxa4 30. Ke2 Nd4+ 31. Kf1 Kf8 32. Rc7 Ke8 33. Kg2 Kd8 34. Rh7 Ne6 35. f3 Rd4 36. Kg3 Ke8 37. Ra7 Rd2 38. Nc4 Rxc2 39. Nxe5 g5 40. Ng6 Nd4 41. e5 Re2 42. Rh7 c5 43. Rc7 Re3 44. Kg2 Re2+ 45. Kg3 h4+ 46. Kh3 Nxf3 47. Rxc5 Kf7 48. Rc6 Re4 49. Rf6+ Kg7 50. Ra6 g4+ 51. Kg2 h3+ 52. Kg3 h2 53. Nh4 h1Q 54. Nf5+ Kh7 55. Ra7+ Kg6 56. Ne7+ Kg5 0-1

[Event "Pardubice Czech op-E 35th"]
[Site "Pardubice"]
[Date "2024.07.12"]
[Round "2.1"]
[White "Kumala, Aleksander"]
[Black "Jares, Michal"]
[Result "1/2-1/2"]
[WhiteElo "2161"]
[BlackElo "2283"]
[PlyCount "92"]
[EventDate "2024.07.11"]
[EventType "team-swiss"]
[EventRounds "7"]
[EventCountry "CZE"]
[SourceTitle "CBM 221 Extra"]
[Source "ChessBase"]
[SourceDate "2024.09.30"]
[SourceVersion "1"]
[SourceVersionDate "2024.09.30"]
[SourceQuality "1"]
[WhiteTeam "Wroclaw Anderssen Foundation"]
[BlackTeam "JST"]
[WhiteTeamCountry "POL"]
[BlackTeamCountry "CZE"]

1. e4 c6 2. d4 d5 3. Nd2 dxe4 4. Nxe4 Nf6 5. Nxf6+ exf6 6. c3 g6 7. Bd3 Bg7 8. Ne2 0-0 9. 0-0 Re8 10. Bf4 Nd7 11. Qd2 f5 12. Rfe1 Nf6 13. f3 Nd5 14. Bg5 Qd6 15. Nf4 Bd7 16. Nxd5 Qxd5 17. b3 b5 18. b4 Rxe1+ 19. Rxe1 Be6 20. Bb1 a5 21. Be7 axb4 22. Bxb4 Qc4 23. a3 Bf8 24. Bd3 Qb3 25. Qd1 Qd5 26. Re5 Qd7 27. Qc1 Bd6 28. Bxd6 Qxd6 29. Rc5 Bd5 30. Bf1 h5 31. Qb2 h4 32. c4 bxc4 33. Bxc4 h3 34. Bxd5 cxd5 35. gxh3 Re8 36. Qd2 f4 37. a4 Qd7 38. Qxf4 Qxa4 39. Rc1 Qa3 40. Rf1 Re2 41. Rf2 Qa1+ 42. Kg2 Re1 43. h4 Rg1+ 44. Kh3 Qe1 45. Rg2 Rxg2 46. Kxg2 Qe2+ 1/2-1/2

[Event "Titled Tuesday intern op 28th May Early"]
[Site "Chess.com INT"]
[Date "2024.05.28"]
[Round "3"]
[White "Baskakov, Egor"]
[Black "Kumala, Aleksander"]
[Result "0-1"]
[WhiteElo "2215"]
[BlackElo "2171"]
[PlyCount "104"]
[EventDate "2024.05.28"]
[EventType "swiss (blitz)"]
[EventRounds "11"]
[EventCountry "USA"]
[SourceTitle "EXT 2025"]
[Source "ChessBase"]
[SourceDate "2024.10.14"]
[SourceVersion "1"]
[SourceVersionDate "2024.10.14"]
[SourceQuality "1"]

1. e4 e5 2. Nc3 Nf6 3. g3 Bc5 4. Bg2 Nc6 5. h3 d6 6. Nge2 g5 7. d3 h6 8. Nd5 Nxd5 9. exd5 Nd4 10. Nxd4 Bxd4 11. c3 Bb6 12. 0-0 Qf6 13. Be3 Bd7 14. a4 h5 15. a5 Bxe3 16. fxe3 Qg6 17. e4 0-0-0 18. a6 b6 19. b4 f5 20. c4 f4 21. c5 fxg3 22. Qc2 Kb8 23. Rac1 Rc8 24. Qd2 h4 25. c6 Bxh3 26. Bxh3 g4 27. Qg2 Rcf8 28. Kh1 Qg5 29. Rcd1 Rf4 30. d4 Rhf8 31. dxe5 dxe5 32. d6 cxd6 33. c7+ Kc8 34. Qa2 Rxf1+ 35. Bxf1 Qf6 36. Qe2 Qf4 37. Kg1 h3 38. Kh1 Qf3+ 39. Qxf3 gxf3 40. Bxh3+ Kxc7 41. Kg1 Kc6 42. Rc1+ Kb5 43. Bf1+ Kxb4 44. Rb1+ Kc3 45. Rc1+ Kd4 46. Rd1+ Kxe4 47. Rxd6 Kf4 48. Rd7 e4 49. Rxa7 e3 50. Re7 Rh8 51. a7 f2+ 52. Kg2 Rh2# 0-1

[Event "Titled Tuesday intern op 28th May Early"]
[Site "Chess.com INT"]
[Date "2024.05.28"]
[Round "9"]
[White "Kumala, Aleksander"]
[Black "Filipovic, Slobodan J"]
[Result "1-0"]
[WhiteElo "2171"]
[BlackElo "2229"]
[PlyCount "77"]
[EventDate "2024.05.28"]
[EventType "swiss (blitz)"]
[EventRounds "11"]
[EventCountry "USA"]
[SourceTitle "EXT 2025"]
[Source "ChessBase"]
[SourceDate "2024.10.14"]
[SourceVersion "1"]
[SourceVersionDate "2024.10.14"]
[SourceQuality "1"]

1. d4 Nf6 2. Bg5 d5 3. Bxf6 exf6 4. e3 Be6 5. Bd3 f5 6. Nd2 Bb4 7. a3 Bd6 8. c4 dxc4 9. Nxc4 0-0 10. Nf3 Bxc4 11. Bxc4 Nd7 12. 0-0 c6 13. Rc1 g6 14. Qb3 Rb8 15. Rfd1 Qe7 16. d5 c5 17. a4 a6 18. a5 b5 19. axb6 Rxb6 20. Qa2 Rfb8 21. b3 Ne5 22. Nxe5 Qxe5 23. g3 h5 24. h4 Qf6 25. Qe2 a5 26. Ra1 Ra8 27. Ra2 Rb4 28. Rda1 Bc7 29. Qf3 Qd6 30. e4 fxe4 31. Qxe4 Kg7 32. Re1 a4 33. Rea1 a3 34. Rxa3 Rxa3 35. Rxa3 Rb8 36. Ra6 Qd8 37. d6 Bb6 38. Qd5 Qd7 39. Kg2 1-0

[Event "Titled Tuesday intern op 28th May Early"]
[Site "Chess.com INT"]
[Date "2024.05.28"]
[Round "11"]
[White "Kumala, Aleksander"]
[Black "Goryachkina, Aleksandra"]
[Result "0-1"]
[WhiteElo "2171"]
[BlackElo "2545"]
[PlyCount "62"]
[EventDate "2024.05.28"]
[EventType "swiss (blitz)"]
[EventRounds "11"]
[EventCountry "USA"]
[SourceTitle "EXT 2025"]
[Source "ChessBase"]
[SourceDate "2024.10.14"]
[SourceVersion "1"]
[SourceVersionDate "2024.10.14"]
[SourceQuality "1"]

1. d4 Nf6 2. Bg5 g6 3. Bxf6 exf6 4. c4 d5 5. cxd5 Qxd5 6. Nc3 Qd8 7. g3 Bd6 8. Bg2 0-0 9. e3 c6 10. Nge2 h5 11. h4 Re8 12. Qd3 Nd7 13. 0-0 f5 14. a3 a5 15. d5 Ne5 16. Qc2 c5 17. Rfd1 Bd7 18. Nf4 Ng4 19. a4 g5 20. Nxh5 gxh4 21. Nb5 hxg3 22. Nxd6 gxf2+ 23. Qxf2 Nxf2 24. Nxe8 Ng4 25. Nd6 Qh4 26. Nf4 Qh2+ 27. Kf1 Nxe3+ 28. Ke2 Nxd1 29. Rxd1 Qxf4 30. Nxb7 Re8+ 31. Kd3 Qd4+ 0-1

[Event "Titled Tuesday intern op 28th May Early"]
[Site "Chess.com INT"]
[Date "2024.05.28"]
[Round "7"]
[White "Seemann, Jakub"]
[Black "Kumala, Aleksander"]
[Result "1-0"]
[WhiteElo "2474"]
[BlackElo "2171"]
[PlyCount "61"]
[EventDate "2024.05.28"]
[EventType "swiss (blitz)"]
[EventRounds "11"]
[EventCountry "USA"]
[SourceTitle "EXT 2025"]
[Source "ChessBase"]
[SourceDate "2024.10.14"]
[SourceVersion "1"]
[SourceVersionDate "2024.10.14"]
[SourceQuality "1"]

1. Nf3 d5 2. g3 Bf5 3. Bg2 h6 4. 0-0 Nf6 5. d3 Nbd7 6. Nbd2 e5 7. e4 dxe4 8. Nh4 Bh7 9. dxe4 Bc5 10. Qe2 Qe7 11. c3 0-0-0 12. Nb3 Bb6 13. a4 Nc5 14. a5 Nxb3 15. axb6 Nxa1 16. bxa7 Kd7 17. Qb5+ c6 18. Qxb7+ Kd6 19. Rd1+ Nd5 20. Rxd5+ cxd5 21. Qb6+ Kd7 22. Bh3+ f5 23. Nxf5 Bxf5 24. Bxf5+ Ke8 25. Qc6+ Kf8 26. a8Q Nb3 27. Qab7 Nxc1 28. exd5 e4 29. Qxe7+ Kxe7 30. Qe6+ Kf8 31. Bg6 1-0

[Event "Titled Tuesday intern op 19th Mar Late"]
[Site "Chess.com INT"]
[Date "2024.03.19"]
[Round "1"]
[White "Dovzik, Juri"]
[Black "Kumala, Aleksander"]
[Result "1-0"]
[WhiteElo "2225"]
[BlackElo "2207"]
[PlyCount "55"]
[EventDate "2024.03.19"]
[EventType "swiss (blitz)"]
[EventRounds "11"]
[EventCountry "USA"]
[SourceTitle "EXT 2025"]
[Source "ChessBase"]
[SourceDate "2024.10.14"]
[SourceVersion "1"]
[SourceVersionDate "2024.10.14"]
[SourceQuality "1"]

1. Nf3 e6 2. d4 b6 3. g3 Bb7 4. Bg2 f5 5. 0-0 Nf6 6. c4 Be7 7. d5 exd5 8. Nd4 g6 9. Nc3 c6 10. cxd5 Nxd5 11. Nxd5 cxd5 12. Nb5 a6 13. Nc3 Nc6 14. Nxd5 0-0 15. Bh6 Re8 16. Qd2 Rb8 17. Rad1 Bf8 18. Bg5 Be7 19. Bxe7 Rxe7 20. Nxe7+ Qxe7 21. Qxd7 Qxe2 22. Bxc6 Bxc6 23. Qxc6 Qxb2 24. Rd7 Qxa2 25. Qc7 Re8 26. Rg7+ Kf8 27. Rxh7 Kg8 28. Qg7# 1-0

[Event "Titled Tuesday intern op 19th Mar Late"]
[Site "Chess.com INT"]
[Date "2024.03.19"]
[Round "4"]
[White "Kumala, Aleksander"]
[Black "Amburgy, Ryan"]
[Result "1/2-1/2"]
[WhiteElo "2207"]
[BlackElo "2223"]
[PlyCount "145"]
[EventDate "2024.03.19"]
[EventType "swiss (blitz)"]
[EventRounds "11"]
[EventCountry "USA"]
[SourceTitle "EXT 2025"]
[Source "ChessBase"]
[SourceDate "2024.10.14"]
[SourceVersion "1"]
[SourceVersionDate "2024.10.14"]
[SourceQuality "1"]

1. d4 Nf6 2. Bg5 Ne4 3. h4 c5 4. d5 h6 5. Bf4 Qb6 6. Nd2 Qxb2 7. Nxe4 Qb4+ 8. c3 Qxe4 9. e3 e6 10. dxe6 Qxe6 11. Nf3 Nc6 12. Qa4 Be7 13. 0-0-0 d5 14. Ne5 0-0 15. Nxc6 Qxc6 16. Bb5 Qf6 17. Qc2 Bf5 18. Bd3 Bxd3 19. Rxd3 Rfd8 20. Rhd1 Bd6 21. Rxd5 Bxf4 22. Rxd8+ Rxd8 23. Rxd8+ Qxd8 24. exf4 Qxh4 25. g3 Qh1+ 26. Kb2 Qd5 27. Qe2 g6 28. g4 c4 29. f3 b5 30. Qg2 a5 31. f5 b4 32. fxg6 bxc3+ 33. Kxc3 Qd3+ 34. Kb2 c3+ 35. Kc1 fxg6 36. f4 Qe3+ 37. Kc2 Qxf4 38. Kxc3 Qe5+ 39. Kc4 Qc7+ 40. Kd4 Kh7 41. Qf3 Qd7+ 42. Kc5 a4 43. Kb4 Qe8 44. Qf4 h5 45. gxh5 gxh5 46. Qf5+ Qg6 47. Qd7+ Kh6 48. Qd2+ Qg5 49. Qd6+ Qg6 50. Qf4+ Kg7 51. Qe5+ Kf7 52. Qc7+ Kf6 53. Qd6+ Kg5 54. Qg3+ Kh6 55. Qf4+ Qg5 56. Qd6+ Kg7 57. Qd7+ Kf8 58. Qc8+ Kf7 59. Qc4+ Ke8 60. Qc8+ Qd8 61. Qc6+ Ke7 62. Qe4+ Kf7 63. Qh7+ Kf6 64. Qh6+ Ke7 65. Qg5+ Kd7 66. Qxh5 Qe7+ 67. Qc5 Qe1+ 68. Kxa4 Qd1+ 69. Kb5 Qb1+ 70. Qb4 Qxa2 71. Qd4+ Ke6 72. Qc4+ Qxc4+ 73. Kxc4 1/2-1/2

[Event "Titled Tuesday intern op 19th Mar Late"]
[Site "Chess.com INT"]
[Date "2024.03.19"]
[Round "2"]
[White "Kumala, Aleksander"]
[Black "Gonzalez Zharikov, Andrey"]
[Result "1-0"]
[WhiteElo "2207"]
[BlackElo "1993"]
[PlyCount "29"]
[EventDate "2024.03.19"]
[EventType "swiss (blitz)"]
[EventRounds "11"]
[EventCountry "USA"]
[SourceTitle "EXT 2025"]
[Source "ChessBase"]
[SourceDate "2024.10.14"]
[SourceVersion "1"]
[SourceVersionDate "2024.10.14"]
[SourceQuality "1"]

1. d4 Nf6 2. Bg5 Ne4 3. h4 d5 4. Nd2 Nxd2 5. Qxd2 h6 6. Bf4 e6 7. e3 c5 8. dxc5 Bxc5 9. 0-0-0 Nc6 10. Nf3 Qe7 11. c4 dxc4 12. Bxc4 e5 13. Nxe5 Nxe5 14. Bxe5 Bg4 15. Bxg7 1-0

[Event "Titled Tuesday intern op 19th Mar Late"]
[Site "Chess.com INT"]
[Date "2024.03.19"]
[Round "5"]
[White "Timmermans, Mark"]
[Black "Kumala, Aleksander"]
[Result "1-0"]
[WhiteElo "2395"]
[BlackElo "2207"]
[PlyCount "75"]
[EventDate "2024.03.19"]
[EventType "swiss (blitz)"]
[EventRounds "11"]
[EventCountry "USA"]
[SourceTitle "EXT 2025"]
[Source "ChessBase"]
[SourceDate "2024.10.14"]
[SourceVersion "1"]
[SourceVersionDate "2024.10.14"]
[SourceQuality "1"]

1. e4 e6 2. Qe2 Be7 3. b3 d5 4. Bb2 Nf6 5. e5 Nfd7 6. f4 0-0 7. Nf3 a5 8. a3 a4 9. b4 c5 10. bxc5 Nxc5 11. d4 Ne4 12. Nbd2 Qb6 13. Qb5 Qc7 14. Rc1 Nxd2 15. Nxd2 f6 16. g3 fxe5 17. dxe5 Bd7 18. Qd3 Nc6 19. c4 dxc4 20. Nxc4 Bc5 21. Bh3 Ba7 22. Kf1 b5 23. Nd6 Qb6 24. Rc2 b4 25. Kg2 bxa3 26. Bxa3 Nxe5 27. Qe4 Bc6 28. Bxe6+ Kh8 29. Rxc6 Nxc6 30. Nf7+ Rxf7 31. Bxf7 Qf2+ 32. Kh3 Qb6 33. Re1 h6 34. Bg6 Rg8 35. Qe8 Qb3 36. Qxc6 Qxa3 37. Bb1 Qb4 38. Qg6 1-0

[Event "Titled Tuesday intern op 05th Mar Early"]
[Site "Chess.com INT"]
[Date "2024.03.05"]
[Round "10"]
[White "Kumala, Aleksander"]
[Black "Curtis, John"]
[Result "1-0"]
[WhiteElo "2207"]
[BlackElo "2292"]
[PlyCount "93"]
[EventDate "2024.03.05"]
[EventType "swiss (blitz)"]
[EventRounds "11"]
[EventCountry "USA"]
[SourceTitle "EXT 2025"]
[Source "ChessBase"]
[SourceDate "2024.10.14"]
[SourceVersion "1"]
[SourceVersionDate "2024.10.14"]
[SourceQuality "1"]

1. d4 Nf6 2. Bg5 e6 3. Nd2 d5 4. e3 h6 5. Bh4 c5 6. c3 Nc6 7. Bd3 e5 8. dxe5 Nxe5 9. Bb5+ Bd7 10. Bxd7+ Nexd7 11. Ngf3 Be7 12. 0-0 0-0 13. Re1 Re8 14. Nf1 b6 15. Bxf6 Nxf6 16. Ng3 Bf8 17. Qa4 Qd7 18. Qf4 Bd6 19. Qh4 Bxg3 20. hxg3 Re4 21. Qh3 Qb5 22. Nd2 Re7 23. Nb3 a5 24. Rab1 Qc4 25. Ra1 Rae8 26. Nd2 Qd3 27. Nf3 Qc2 28. Rab1 Qa4 29. a3 Qe4 30. Rbd1 a4 31. Qh4 Qxh4 32. Nxh4 g6 33. Nf3 Ra8 34. Nd2 Kg7 35. c4 Rd7 36. cxd5 Rxd5 37. Nc4 Rxd1 38. Rxd1 b5 39. Ne5 Ra7 40. Rd6 Ne4 41. Rb6 f6 42. Nc6 Rd7 43. f3 Rd1+ 44. Kh2 Nf2 45. g4 h5 46. gxh5 gxh5 47. Kg3 1-0

[Event "Titled Tuesday intern op 05th Mar Early"]
[Site "Chess.com INT"]
[Date "2024.03.05"]
[Round "1"]
[White "Kumala, Aleksander"]
[Black "Keller, Peter1"]
[Result "0-1"]
[WhiteElo "2207"]
[BlackElo "2308"]
[PlyCount "90"]
[EventDate "2024.03.05"]
[EventType "swiss (blitz)"]
[EventRounds "11"]
[EventCountry "USA"]
[SourceTitle "EXT 2025"]
[Source "ChessBase"]
[SourceDate "2024.10.14"]
[SourceVersion "1"]
[SourceVersionDate "2024.10.14"]
[SourceQuality "1"]

1. d4 Nf6 2. Bg5 d5 3. Bxf6 gxf6 4. e3 c5 5. dxc5 e6 6. Nf3 Bxc5 7. Be2 Nc6 8. 0-0 Bd7 9. c4 dxc4 10. Qc2 Rc8 11. Qxc4 Ne5 12. Nxe5 fxe5 13. Qg4 Qf6 14. Nc3 Bc6 15. Ne4 Bxe4 16. Qxe4 b6 17. Bb5+ Kf8 18. Rad1 h5 19. Rd7 Kg7 20. Rfd1 Rhd8 21. Rxd8 Rxd8 22. Rxd8 Qxd8 23. Qxe5+ Qf6 24. Qxh5 Qxb2 25. Qg5+ Kf8 26. h4 Qxb5 27. h5 Qb1+ 28. Kh2 Qf5 29. Qh6+ Ke7 30. f3 Qe5+ 31. f4 Qf6 32. Qxf6+ Kxf6 33. e4 a5 34. g4 a4 35. g5+ Kg7 36. Kg3 b5 37. f5 b4 38. f6+ Kh7 39. e5 b3 40. axb3 axb3 41. Kg4 b2 42. h6 b1Q 43. Kh4 Qe4+ 44. Kh5 Qf3+ 45. Kh4 Bf2# 0-1

[Event "Titled Tuesday intern op 05th Mar Early"]
[Site "Chess.com INT"]
[Date "2024.03.05"]
[Round "7"]
[White "Kumala, Aleksander"]
[Black "Tsatsalashvili, Ketevan"]
[Result "0-1"]
[WhiteElo "2207"]
[BlackElo "2315"]
[PlyCount "54"]
[EventDate "2024.03.05"]
[EventType "swiss (blitz)"]
[EventRounds "11"]
[EventCountry "USA"]
[SourceTitle "EXT 2025"]
[Source "ChessBase"]
[SourceDate "2024.10.14"]
[SourceVersion "1"]
[SourceVersionDate "2024.10.14"]
[SourceQuality "1"]

1. d4 Nf6 2. Bg5 c5 3. d5 Qb6 4. Nc3 e6 5. dxe6 fxe6 6. e4 Be7 7. e5 Qxb2 8. Bd2 Nd5 9. Nxd5 exd5 10. Nf3 Nc6 11. Rb1 Qa3 12. Rb3 Qxa2 13. Bg5 Qa5+ 14. c3 c4 15. Rb1 Bxg5 16. Nxg5 Qxc3+ 17. Qd2 Qxe5+ 18. Kd1 0-0 19. g3 c3 20. Qe3 Qxe3 21. fxe3 Rf2 22. Nh3 c2+ 23. Ke1 Rxf1+ 24. Kxf1 cxb1Q+ 25. Kg2 Qe4+ 26. Kg1 Qxe3+ 27. Nf2 Nd4 0-1

[Event "Titled Tuesday intern op 20th Feb Early"]
[Site "Chess.com INT"]
[Date "2024.02.20"]
[Round "3"]
[White "Kostiukov, Alexandr"]
[Black "Kumala, Aleksander"]
[Result "0-1"]
[WhiteElo "2271"]
[BlackElo "2207"]
[PlyCount "68"]
[EventDate "2024.02.20"]
[EventType "swiss (blitz)"]
[EventRounds "11"]
[EventCountry "USA"]
[SourceTitle "EXT 2025"]
[Source "ChessBase"]
[SourceDate "2024.10.14"]
[SourceVersion "1"]
[SourceVersionDate "2024.10.14"]
[SourceQuality "1"]

1. g3 e5 2. c4 h5 3. h3 h4 4. g4 Bc5 5. e3 Nc6 6. Nc3 a6 7. Bg2 d6 8. Nge2 f5 9. d4 exd4 10. exd4 Ba7 11. g5 Bd7 12. Be3 Nge7 13. 0-0 Ng6 14. Qd2 0-0 15. Nd5 Rb8 16. b4 Nce7 17. Nef4 c6 18. Nxe7+ Nxe7 19. d5 Bxe3 20. Qxe3 Qe8 21. Rfe1 Ng6 22. Qxe8 Bxe8 23. Rxe8 Nxf4 24. Re7 cxd5 25. Bxd5+ Kh7 26. Kh2 b5 27. Rae1 bxc4 28. Bxc4 Rxb4 29. Rc7 Rb2 30. Ree7 Rxf2+ 31. Kh1 Nh5 32. Bf7 Rb8 33. Re1 Ng3+ 34. Kg1 Rbb2 0-1

[Event "Titled Tuesday intern op 20th Feb Early"]
[Site "Chess.com INT"]
[Date "2024.02.20"]
[Round "1"]
[White "Kumala, Aleksander"]
[Black "Ivanov, Aleksandr Y"]
[Result "1-0"]
[WhiteElo "2207"]
[BlackElo "2068"]
[PlyCount "57"]
[EventDate "2024.02.20"]
[EventType "swiss (blitz)"]
[EventRounds "11"]
[EventCountry "USA"]
[SourceTitle "EXT 2025"]
[Source "ChessBase"]
[SourceDate "2024.10.14"]
[SourceVersion "1"]
[SourceVersionDate "2024.10.14"]
[SourceQuality "1"]

1. d4 d5 2. Bg5 Nf6 3. Bxf6 exf6 4. e3 Bd6 5. Bd3 0-0 6. Nd2 Nc6 7. c3 Re8 8. Qf3 Ne7 9. Ne2 Ng6 10. h4 h6 11. 0-0-0 c6 12. Rdg1 Be6 13. g4 c5 14. g5 fxg5 15. hxg5 cxd4 16. cxd4 Rc8+ 17. Kb1 hxg5 18. Qh5 Kf8 19. Rxg5 Ke7 20. Bxg6 fxg6 21. Qxg6 Rg8 22. Nc3 a6 23. Nxd5+ Bxd5 24. Rxd5 Rc6 25. Ne4 Qc7 26. Qg5+ Kd7 27. Nf6+ gxf6 28. Rh7+ Ke6 29. Qf5# 1-0

[Event "Titled Tuesday intern op 20th Feb Early"]
[Site "Chess.com INT"]
[Date "2024.02.20"]
[Round "7"]
[White "Kumala, Aleksander"]
[Black "Vachier Lagrave, Maxime"]
[Result "0-1"]
[WhiteElo "2207"]
[BlackElo "2732"]
[PlyCount "82"]
[EventDate "2024.02.20"]
[EventType "swiss (blitz)"]
[EventRounds "11"]
[EventCountry "USA"]
[SourceTitle "EXT 2025"]
[Source "ChessBase"]
[SourceDate "2024.10.14"]
[SourceVersion "1"]
[SourceVersionDate "2024.10.14"]
[SourceQuality "1"]

1. d4 d5 2. Bg5 h6 3. Bh4 c6 4. e3 Qb6 5. Nd2 Bf5 6. Bd3 Bxd3 7. cxd3 e6 8. Ne2 Nd7 9. 0-0 Be7 10. Bxe7 Nxe7 11. f4 Nf5 12. Rf3 a5 13. g4 Nd6 14. f5 exf5 15. gxf5 Nf6 16. Kh1 0-0 17. b3 Rae8 18. Qg1 Qa6 19. Nf4 Nxf5 20. Nh5 Nxh5 21. Rxf5 Qxd3 22. Rxh5 Qxd2 23. Rh3 Re6 24. Rg3 Rg6 25. Rxg6 fxg6 26. Qxg6 Qxe3 27. Qd6 Rf2 28. Qg3 Qxg3 29. hxg3 Rd2 30. Re1 Rxd4 31. Re7 Rb4 32. Kg2 Kh7 33. Kf3 a4 34. bxa4 Rxa4 35. Rxb7 Rxa2 36. Kg4 Rf2 37. Rc7 Rf6 38. Kh5 Rd6 39. g4 d4 40. g5 hxg5 41. Kxg5 d3 0-1

[Event "POL-ch Rapid"]
[Site "Lublin"]
[Date "2023.10.07"]
[Round "9"]
[White "Kumala, Aleksander"]
[Black "Maksimenko, Andrei"]
[Result "1/2-1/2"]
[WhiteElo "2207"]
[BlackElo "2421"]
[PlyCount "37"]
[EventDate "2023.10.07"]
[EventType "swiss (rapid)"]
[EventRounds "9"]
[EventCountry "POL"]
[SourceTitle "CBM 216 Extra"]
[Source "ChessBase"]
[SourceDate "2023.11.30"]
[SourceVersion "1"]
[SourceVersionDate "2023.11.30"]
[SourceQuality "1"]

1. d4 Nf6 2. Bg5 d5 3. Bxf6 gxf6 4. e3 c5 5. dxc5 e6 6. Nf3 Bxc5 7. Be2 Nc6 8. 0-0 0-0 9. c4 dxc4 10. Qc2 b5 11. a4 Qb6 12. axb5 Qxb5 13. Bxc4 Qb6 14. Bd3 Nb4 15. Bxh7+ Kg7 16. Qe4 Bb7 17. Qg4+ Kxh7 18. Qh4+ Kg7 19. Qg4+ 1/2-1/2